Explaining federalism : state, society and congruence in Austria, Belgium, Canada, Germany and Switzerland /

Bibliographic Details
Main Author: Erk, Jan
Format: Book
Language:English
Published: London ; New York : Routledge, 2008.
Series:Routledge series in regional and federal studies ; 17.
Subjects:
Online Access:Table of contents only

MARC

Tag First Indicator Second Indicator Subfields
LEADER 00000cam a22000004a 4500
001 in00002340921
005 20151108051928.0
008 070220s2008 enk b 001 0 eng
010 |a  2007007165 
015 |a GBA738937  |2 bnb 
016 7 |a 013751393  |2 Uk 
019 |a 154686962 
020 |a 0415432057 (hbk. : alk. paper) 
020 |a 0203940490 (ebk. : alk. paper) 
020 |a 9780415432054 (hbk. : alk. paper) 
020 |a 9780203940495 (ebk. : alk. paper) 
035 |a (OCoLC)ocm85623013 
035 |a (OCoLC)85623013  |z (OCoLC)154686962 
040 |a DLC  |c DLC  |d BTCTA  |d BAKER  |d BWKUK  |d YDXCP  |d UKM  |d UtOrBLW 
043 |a e------  |a n-cn--- 
049 |a TXAM 
050 0 4 |a JC355  |b .E75 2008 
082 0 0 |a 320.44/049  |2 22 
100 1 |a Erk, Jan. 
245 1 0 |a Explaining federalism :  |b state, society and congruence in Austria, Belgium, Canada, Germany and Switzerland /  |c Jan Erk. 
264 1 |a London ;  |a New York :  |b Routledge,  |c 2008. 
300 |a xiii, 168 pages ;  |c 24 cm. 
336 |a text  |b txt  |2 rdacontent 
337 |a unmediated  |b n  |2 rdamedia 
338 |a volume  |b nc  |2 rdacarrier 
490 1 |a Routledge series in federal studies ;  |v 17 
504 |a Includes bibliographical references (pages [129]-162) and index. 
505 0 |a Federalism and congruence -- Austria -- Belgium -- Canada -- Germany -- Switzerland -- The political sociology of federalism. 
650 0 |a Federal government  |z Europe. 
650 0 |a Federal government  |z Canada. 
650 0 |a Comparative government. 
650 0 |a Social structure. 
830 0 |a Routledge series in regional and federal studies ;  |v 17. 
856 4 1 |3 Table of contents only  |u http://www.loc.gov/catdir/toc/ecip0711/2007007165.html  |t 0 
938 |a YBP Library Services  |b YANK  |n 2582439 
938 |a Baker and Taylor  |b BTCP  |n BK0007223218 
938 |a Baker & Taylor  |b BKTY  |c 125.00  |d 125.00  |i 0415432057  |n 0007223218  |s active 
945 |a PromptCat  |b 264969 
946 |a stk 
947 |a A14836488102 
948 |a cataloged  |b h  |c 2007/11/14  |d c  |e dmartine  |f 3:30:11 pm 
994 |a 92  |b TXA 
999 |a MARS 
999 f f |s 01a678bc-3283-3e17-8cd4-866e1a5e11e5  |i 167a54e9-9539-36fb-8874-a675a10bfda1  |t 0 
952 f f |p normal  |a Texas A&M University  |b College Station  |c Sterling C. Evans Library  |d Evans: Library Stacks  |t 0  |e JC355 .E75 2008  |h Library of Congress classification  |i unmediated -- volume  |m A14836488102 
998 f f |a JC355 .E75 2008  |t 0  |l Evans: Library Stacks